El Río Negro-Nare : (Registro nro. 4427)

Detalles MARC
000 -CABECERA
Campo de control 00920nam a2200253 a 4500
005 - FECHA Y HORA DE LA ULTIMA TRANSACCION
Campo de control 20160213103834.0
008 - ELEMENTOS DE LONGITUD FIJA—INFORMACION GENERAL
Campo de control 140314s1996 ck abd fr|||| 000 0dspa d
020 ## - ISBN
ISBN 9589597904
040 ## - FUENTE DE CATALOGACIÓN
Agencia catalogadora original CO-BoIAVH
Agencia transcriptora CO-BoIAVH
041 0# - IDIOMA
Código de idioma para texto/pista de sonido o título separado Español
044 ## - PAÍS DE PUBLICACIÓN
País de publicación Colombia
082 04 - NUMERO DE CLASIFICACION DECIMAL DEWEY
Número de clasificación 980.86126
Número del ítem G51r
100 1# - ASIENTO PRINCIPAL--NOMBRE PERSONAL
Nombre personal Giraldo Gómez, Alicia Ester
9 (RLIN) 21967
245 13 - MENCION DE TITULO
Título El Río Negro-Nare :
Parte restante del título en la historia progreso y desarrollo de Antioquia
250 ## - MENCION DE EDICION
Mención de edición Primera edición
260 ## - PUBLICACION, DISTRIBUCION, ETC. (PIE DE IMPRENTA)
Lugar de publicación, distribución, etc. Medellín :
Nombre del editor, distribuidor, etc. Corporación Autónoma Regional Rionegro-Nare,
Fecha de publicación, distribución, etc. 1996.
300 ## - DESCRIPCION FISICA
Extensión 377 páginas :
Otros detalles físicos Ilustraciones (algunas a color), mapas ;
Dimensiones 25 x 18 cm.
504 ## - NOTA DE BIBLIOGRAFIA, ETC.
Nota de bibliografía Incluye referencias bibliográficas páginas 359-375.
650 16 - ASIENTO SECUNDARIO DE MATERIA - TERMINO TEMATICO
Término temático o nombre geográfico como elemento de entrada Historia
Subdivisión geográfica Antioquía
9 (RLIN) 59314
650 24 - ASIENTO SECUNDARIO DE MATERIA - TERMINO TEMATICO
Término temático o nombre geográfico como elemento de entrada Crónicas de viaje
9 (RLIN) 32909
662 ## - ASIENTO SECUNDARIO DE MATERIA - JERARQUIA DEL NOMBRE DE LUGAR(
País o entidad mayor Colombia
Jurisdicción política de primer orden Antioquía
Ciudad Rio Negro- Nare
710 2# - ASIENTO SECUNDARIO - NOMBRE CORPORATIVO
Nombre corporativo o de jurisdicción como elemento de entrada Corporación Autónoma Regional Rionegro-Nare
9 (RLIN) 21965
942 ## - ELEMENTOS ADICIONALES (KOHA)
Tipo de ítem Libro
Sistema de clasificación Dewey Decimal Classification
Existencias
Withdrawn status Lost status Sistema de Clasificación Damaged status No para préstamo Colección Inventariado Ubicación Permanente Ubicación actual Fecha de adquisición Fuente de Valor Valor Total Checkouts Número topográfico Inventario / Código de Barras Date last seen Ejemplar Price effective from Forma de adquisición Tipo de material
    Dewey Decimal Classification     General Inventariado 2017 Bogotá Bogotá 10/05/2005 Instituto 39000.00   LB-980.86126 G51r 016946 04/12/2012 Ej. 1 04/12/2012   Libro